| 000 | 00533nam a2200169Ia 4500 | ||
|---|---|---|---|
| 003 | GCL | ||
| 008 | 140319s9999 xx 000 0 ara d | ||
| 040 |
_aGCL / _cGCL |
||
| 082 | 0 | 4 |
_aد _b050 |
| 100 | 1 | _aعبدالرحمن بدوى | |
| 245 | 1 | 0 |
_aالادب الالمانى فى نصف قرن ( عالم المعرفة 181 ) / _cعبدالرحمن بدوى |
| 300 | _a351 ص | ||
| 490 |
_aعالم المعرفة _v0 |
||
| 650 | 0 | 4 | _aالادب الالمانى |
| 650 | 0 | 4 | _aالادباء الالمانيون |
| 942 |
_2ddc _cBK |
||
| 999 |
_c50322 _d50322 |
||